The Office Trivia - Kind of Really Hard - Statistics

General Stats
  • This quiz has been taken 1,658 times
  • The average score is 8 of 15
Answer Stats
Question Answer % Correct
And who bought it for her? Bob Vance, Vance Refrigeration
84%
What weapon does Dwight use on Roy when he attacks Jim? Pepper spray
84%
Which branch did Holly Flax come to Scranton from? Nashua, New Hampshire
72%
What color does Kelly look great in? White
72%
Who does Pam dress up as for Halloween in New York? Charlie Chaplin
64%
What movie does Jim expect Michael to quote on the booze cruise? Titanic
62%
And what song do Michael and Holly sing when Darryl drives them there? Life Is a Highway
57%
Fill the quote: “He is not an idiot! He is _______ ________.” Mentally challenged
54%
What cartoon character does Pam’s mug have on it? Snoopy
43%
Where in the city does Michael like to have breakfast, according to Jan? Ihop
39%
What song does Andy sing to impress Angela? Take a Chance on Me
35%
What animal did Michael’s mom get for his 7th birthday? A pony
34%
How much did Jan’s stroller cost? $1200
27%
What does Phyllis’ perfume (which Karen hates) smell like? Pine
18%
What does Pam like on her coffee? Sprinkle of cinnamon
18%
No matching quizzes found
Score Distribution
Percent of People with Each Score
Percentile by Number Answered
Your Score History
You have not taken this quiz